| 000 | 00599nam a2200133Ia 4500 | ||
|---|---|---|---|
| 008 | 220216s9999 xx 000 0 und d | ||
| 100 | _aJacob C K | ||
| 245 | 0 | _aPhytophthora diseases of rubber tree (Hevea brasiliensis) | |
| 260 | _bIPS-MEZ Annual Meeting & National Symposium on Advances in Microbial Diversity and Disease Management for Sustainable Crop Production, 13-15 October 2008, College of Forestry and Hill Agriculture, Ranichauri, Uttarakhand: Souvenir and Abstracts. pp. 18-24. | ||
| 650 | _aAbnormal leaf fall | ||
| 650 | _aDisease management | ||
| 650 | _aPhytophthora | ||
| 942 | _cBS | ||
| 999 |
_c50693 _d50693 |
||